| 000 | 03145nam0a2200397 4500 | ||
|---|---|---|---|
| 001 | RU\NLR\BIBL_A\012001287 | ||
| 005 | 20191025161650.0 | ||
| 010 |
_a978-5-85218-915-8 _9100 |
||
| 021 |
_aRU _bКН-П-19-1892 _9КН-П-19-025024 |
||
| 035 | _a(NLR Aleph) 012001287 | ||
| 035 | _a(RuMoRGB)009939362 | ||
| 090 |
_a11406123 _c11406123 |
||
| 100 | _a20190426d2017 k y0rusy50 ca | ||
| 101 | 0 |
_arus _aeng |
|
| 102 | _aRU | ||
| 105 | _aa zzzz000|y | ||
| 200 | 1 |
_aЮвелирные инструменты средневекового населения Предуралья _dTools for jewelry production of the Medieval settlement in Cisurals _e(по материалам Рождественского археологического комплекса) _eпрепринт научного доклада на международной конференции "Археология Арктики" (19-22 ноября 2017 г., Салехард) _fБелавин А. М., Крыласова Н. Б. _gМинистерство образования и науки Российской Федерации, Федеральное государственное бюджетное образовательное учреждение высшего образования "Пермский государственный гуманитарно-педагогический университет", Вузовско-академическая лаборатория археологической трасологии, антропологии и экспериментальной археологии, Федеральное государственное бюджетное учреждение науки "Пермский федеральный исследовательский центр Уральского отделения Российской академии наук", Отдел истории, археологии и этнографии _zeng |
|
| 210 |
_aПермь _c[б. и.] _d2017 |
||
| 215 |
_a18 с. _cил., цв. ил. _d21 |
||
| 300 | _aТекст парал. рус., англ. | ||
| 309 | _aБез тит. л. Описано по обл. | ||
| 320 | _aБиблиогр.: с. 14 | ||
| 510 | 1 |
_6z22790 _aTools for jewelry production of the Medieval settlement in Cisurals _zeng |
|
| 606 | 1 |
_aЮвелирные изделия _yПредуралье Пермское _zСредние века _xАрхеологические исследования _2nlr_sh2 _3RU\NLR\AUTH\6601549699 |
|
| 686 | 1 | _aТ4(2Р36)4-51 | |
| 700 | 1 |
_aБелавин _bА. М. _f1958- _gАндрей Михайлович |
|
| 701 | 1 |
_aКрыласова _bН.Б. _gНаталья Борисовна |
|
| 711 | 1 | 2 |
_a"Археология Арктики", международная конференция _f2017 _eСалехард _3RU\NLR\AUTH\880501260 |
| 790 | 1 |
_6z22 _aBelavin _bA.M. _f1958 _gAndrej Michajlovič |
|
| 790 | 1 |
_6z22 _6z22510 _aKrylasova _bN.B. _gNatal'ja Borisovna |
|
| 942 | _cBOOK | ||
| 980 | _aNBR | ||
| 980 | _aNB | ||